000 00707nam a2200241 i 4500
001 C2-0255224
003 PPAK
005 20180727223052.0
008 040523s1969 my |||| ||||| | eng d
040 _aPPAK
_beng
_cPPAK
_erda
082 0 4 _a354.595
_223
090 0 0 _a354.595
_bMAL
_dKK
110 2 _aMalaysia
245 0 0 _aPenyata kewangan bagi tahun 1966 =
_bFinancial statements for the year 1966
264 1 _aKuala Lumpur :
_b[publisher not identified] ,
_c1969
300 _av, 352 pages ;
_c27 cm
336 _2rdacontent
_atext
337 _2rdamedia
_aunmediated
338 _2rdacarrier
_avolume
650 1 0 _aFinance, Public - Malaysia
710 2 _aMalaysia
_eorganizer
942 _ddc
_cB
999 _c67767
_d67767